000 00558nam a22001817a 4500
003 0
005 20240923094439.0
008 240923b xxu||||| |||| 00| 0 eng d
020 _a978-93-575118-9-6
050 _aPE 1130
_b.P36 2024
100 _aPandey, Oheerj
245 _aCommunication skills in english language
_cPandey, Oheerj
260 _aNew Delhi India
_bRandom publications
_cC2024
300 _ax, 248p.:
_c24cm.
500 _aEnglish language--study & teaching.
650 _aIncludes bibliographical references and index.
942 _2lcc
_cBK
999 _c366320
_d366320